Belt conveyors for bulk materials

Bibliographic Details
Corporate Author: Conveyor Equipment Manufacturers Association
Format: Book
Published: Boston, Mass. : CBI , c1991
Edition:2nd ed.
Subjects:

MARC

LEADER 00000cam a2200000 7i4500
001 0000001653
005 20070111093000.0
008 021118n
020 |a 0843610085 
090 0 0 |a TJ1390   |b .C65 1979 
110 0 |a Conveyor Equipment Manufacturers Association   |c Engineering Conference 
245 0 0 |a Belt conveyors for bulk materials 
250 |a 2nd ed. 
260 2 |a Boston, Mass. :   |b CBI ,   |c c1991 
300 |a 346 p. ; ;   |c 29 cm. 
504 |a Includes index 
650 0 |a Belt conveyors 
650 0 |a Bulk solids handling 
999 |a 1000040026   |b Book   |c OPEN SHELF (30 DAYS)   |e Gong Badak Campus